Design fabrication and testing of a foldable solar drier (Record no. 14020)
[ view plain ]
| 000 -LEADER | |
|---|---|
| fixed length control field | 00445nam a22001577a 4500 |
| 003 - CONTROL NUMBER IDENTIFIER | |
| control field | OSt |
| 088 ## - REPORT NUMBER | |
| Report number | 2 |
| 100 ## - MAIN ENTRY--AUTHOR NAME | |
| Personal name | Helen, Varghese, B |
| 100 ## - MAIN ENTRY--AUTHOR NAME | |
| Personal name | REJI EMMANUEL |
| 100 ## - MAIN ENTRY--AUTHOR NAME | |
| Personal name | SHINY LUKOSE |
| 245 ## - TITLE STATEMENT | |
| Title | Design fabrication and testing of a foldable solar drier |
| 260 ## - PUBLICATION, DISTRIBUTION, ETC. (IMPRINT) | |
| Place of publication | Tavanur |
| Name of publisher | Department of FPME, KCAET |
| 856 ## - ELECTRONIC LOCATION AND ACCESS | |
| Uniform Resource Identifier | https://drive.google.com/open?id=1UZS5Nou7oz9VyqyzBTKXC9tSBdbAeDdW |
| 942 ## - ADDED ENTRY ELEMENTS (KOHA) | |
| Koha item type | Project Report |
| Collection code | Home library | Current library | Shelving location | Full call number | Accession Number | Koha item type |
|---|---|---|---|---|---|---|
| Reference | KAUAET | KAUAET | Reference | 631.37 HEL/DE | P2 | Project Report |
